| 000 | 00527nam a22001817a 4500 | ||
|---|---|---|---|
| 005 | 20231211160607.0 | ||
| 010 | _aENG-138586 | ||
| 020 |
_a781920694791 _c350.00 |
||
| 035 | _aEN-122018 | ||
| 037 | _bDBAD/PUB | ||
| 082 | _a813.6 | ||
| 100 |
_aGardiner, Jo _959754 |
||
| 245 | 1 | 0 |
_aThe Concerto Inn/ _bby Jo Gardiner |
| 260 |
_aAustralia _bUniversity of Western Australia Press _c2006 |
||
| 270 |
_aNational Library of Australia _bAustralia |
||
| 300 |
_a205p. _c20cm(pbk) |
||
| 942 |
_2ddc _cEN _mGAR _h813.6 |
||
| 999 |
_c196738 _d196738 |
||